Sports Quiz

Random Sports or Tennis Quiz

Butterfly Table Tennis Mens Top 20 Quiz Stats

 Plays Quiz not verified by Sporcle

Score 0/20 Timer 10:00
0 Plays Today
Rank % Correct
4thTimo Boll
91.4%
1stMa Long
77.1%
3rdMa Lin
72.9%
2ndWang Hao
70%
12thZhang Jike
62.9%
5thWang Liqin
61.4%
6thVladimir Samsonov
61.4%
15thXu Xin
57.1%
8thMichael Maze
55.7%
10thJun Mizutani
54.3%
Rank % Correct
13thDimitrij Ovtcharov
45.7%
16thWerner Schlager
41.4%
11thJoo Se Hyuk
38.6%
19thRyu Seung Min
34.3%
7thHao Shuai
31.4%
9thChen Qi
31.4%
14thOh Sang Eun
31.4%
18thKalinikos Kreanga
27.1%
20thChuang Chih-Yuan
21.4%
17thCheung Yuk
5.7%

You're not logged in!

Compare scores with friends on all Sporcle quizzes.
OR
Log In

You Might Also Like...

Show Comments

Extras

Created Mar 13, 2010ReportNominate
Tags:Tennis Quiz, butterfly, men, table, Top 20

Top Quizzes Today


Score Distribution

Your Account Isn't Verified!

In order to create a playlist on Sporcle, you need to verify the email address you used during registration. Go to your Sporcle Settings to finish the process.

Report this User

Report this user for behavior that violates our Community Guidelines.

Details: